[Event "Oberliga Ost-A 2122"]
[Site "Germany"]
[Date "2022.07.10"]
[Round "7.4"]
[White "Zaehringer, Daniel"]
[Black "Siedentopf, Daniel"]
[Result "1/2-1/2"]
[WhiteElo "2149"]
[BlackElo "2262"]
[PlyCount "74"]
[EventDate "2021.10.10"]
[EventType "team-tourn"]
[EventRounds "11"]
[EventCountry "GER"]
[SourceTitle "EXT 2023"]
[Source "ChessBase"]
[SourceDate "2022.10.05"]
[SourceVersion "1"]
[SourceVersionDate "2022.10.05"]
[SourceQuality "1"]
[WhiteTeam "Plauen Koenig"]
[BlackTeam "Dresden Gruen Weiss"]
[WhiteTeamCountry "GER"]
[BlackTeamCountry "GER"]

1. d4 f5 2. Nc3 Nf6 3. Bg5 d5 4. e3 e6 5. Bd3 Be7 6. Nf3 0-0 7. 0-0 c5 8. dxc5 Bxc5 9. Na4 Be7 10. c4 Nc6 11. Nc3 Ne4 12. Bxe7 Nxe7 13. Qc2 Nxc3 14. Qxc3 Bd7 15. cxd5 Nxd5 16. Qb3 Bc6 17. Nd4 Qf6 18. Rfd1 Kh8 19. Rac1 f4 20. Nxc6 bxc6 21. e4 Rab8 22. Qa3 Nb4 23. Bf1 Qe5 24. Rc4 a5 25. Qc3 Qxc3 26. bxc3 Nxa2 27. Ra1 Rb2 28. Rxc6 Rc2 29. h4 Nxc3 30. Rxe6 a4 31. Ra6 g6 32. e5 Re8 33. Ra5 Kg7 34. Bd3 Rd2 35. Bf1 Rc2 36. Bd3 Rd2 37. Bf1 Rc2 1/2-1/2

[Event "GER-ch Net blitz sf"]
[Site "Playchess.com INT"]
[Date "2021.06.05"]
[Round "4"]
[White "Henning, Marvin"]
[Black "Siedentopf, Daniel"]
[Result "1-0"]
[WhiteElo "2258"]
[BlackElo "2152"]
[PlyCount "109"]
[EventDate "2021.06.05"]
[EventType "swiss (blitz)"]
[EventRounds "13"]
[EventCountry "GER"]
[SourceTitle "EXT 2023"]
[Source "ChessBase"]
[SourceDate "2022.10.05"]
[SourceVersion "1"]
[SourceVersionDate "2022.10.05"]
[SourceQuality "1"]

1. e4 e6 2. Qe2 Nc6 3. c3 e5 4. g3 Nf6 5. Bg2 a5 6. f4 d6 7. Nf3 Be7 8. 0-0 0-0 9. d4 exd4 10. cxd4 d5 11. e5 Ne4 12. Nc3 f5 13. exf6 Bxf6 14. Be3 Re8 15. Ne5 Nxc3 16. bxc3 Ne7 17. Bc1 c6 18. Ba3 Nf5 19. Rae1 Nd6 20. Qh5 Be6 21. f5 Bf7 22. Qg4 Nc4 23. Nxc4 Rxe1 24. Rxe1 dxc4 25. Bc1 Qd7 26. Bf4 Re8 27. Be5 Qd8 28. h4 Kf8 29. h5 h6 30. Qf3 Bd5 31. Qf4 Bxg2 32. Kxg2 Qd5+ 33. Kf2 Kf7 34. Re2 b5 35. a3 c5 36. Bxf6 Rxe2+ 37. Kxe2 Kxf6 38. g4 cxd4 39. cxd4 Qg2+ 40. Ke3 Qg1+ 41. Ke4 Qe1+ 42. Kd5 Qe7 43. Kc6 b4 44. axb4 axb4 45. d5 c3 46. d6 Qe8+ 47. d7 Qe7 48. Qd4+ Kg5 49. d8Q Qxd8 50. Qxd8+ Kxg4 51. Qd4+ Kxh5 52. Qxb4 Kg5 53. Qxc3 Kxf5 54. Qxg7 h5 55. Qg3 1-0

[Event "GER-ch Net blitz sf"]
[Site "Playchess.com INT"]
[Date "2021.06.05"]
[Round "6"]
[White "Meyling, Lennart"]
[Black "Siedentopf, Daniel"]
[Result "0-1"]
[WhiteElo "1912"]
[BlackElo "2152"]
[PlyCount "156"]
[EventDate "2021.06.05"]
[EventType "swiss (blitz)"]
[EventRounds "13"]
[EventCountry "GER"]
[SourceTitle "EXT 2023"]
[Source "ChessBase"]
[SourceDate "2022.10.05"]
[SourceVersion "1"]
[SourceVersionDate "2022.10.05"]
[SourceQuality "1"]

1. d4 f5 2. h4 Nf6 3. Nc3 e6 4. Nh3 d5 5. h5 c5 6. Be3 Nc6 7. dxc5 d4 8. Ng5 Bxc5 9. Bxd4 Bxd4 10. e3 Bxc3+ 11. bxc3 Qxd1+ 12. Rxd1 Ke7 13. Bb5 Bd7 14. h6 g6 15. 0-0 a6 16. Ba4 Rad8 17. Rb1 b5 18. Bb3 Ng4 19. a4 Nxh6 20. Ba2 Rb8 21. axb5 Rxb5 22. Rbd1 Rd8 23. Bc4 Rc5 24. Bxa6 Rxc3 25. Bd3 Nf7 26. Nf3 Nce5 27. Nd4 Nxd3 28. cxd3 Ne5 29. Ra1 Rc7 30. Rfd1 Bc8 31. f4 Ng4 32. Rdc1 Rxc1+ 33. Rxc1 Bd7 34. Rc7 Rc8 35. Ra7 Nxe3 36. Nf3 Ng4 37. g3 Rd8 38. Ng5 h6 39. Nf3 Rc8 40. Kf1 Kd6 41. Ke2 Bc6 42. Ra6 Kd7 43. Nd4 Bd5 44. Ra7+ Rc7 45. Ra6 Rb7 46. Kd1 g5 47. Ne2 Rb1+ 48. Kc2 Rb7 49. Kc3 Rc7+ 50. Kd4 Rc6 51. Ra7+ Rc7 52. Ra6 Ke7 53. Nc3 Rd7 54. Kc5 Rc7+ 55. Kd4 Nf6 56. Nb5 Rd7 57. Kc5 Nh5 58. fxg5 hxg5 59. Rb6 Nxg3 60. Nd6 Rc7+ 61. Kd4 Ne2+ 62. Ke3 Nf4 63. Kd4 g4 64. Ke5 Ng6+ 65. Kd4 g3 66. Ke3 g2 67. Kf2 Rc1 68. Nc8+ Kf6 69. Ke2 Rxc8 70. Rb1 Nf4+ 71. Ke3 Nxd3 72. Kxd3 Be4+ 73. Ke3 Bxb1 74. Kf4 Rg8 75. Kf3 Be4+ 76. Kf4 Rg4+ 77. Ke3 g1Q+ 78. Ke2 Rg2# 0-1

[Event "GER-ch Net blitz sf"]
[Site "Playchess.com INT"]
[Date "2021.06.05"]
[Round "7"]
[White "Siedentopf, Daniel"]
[Black "Brunke, Christian"]
[Result "1-0"]
[WhiteElo "2152"]
[BlackElo "2369"]
[PlyCount "149"]
[EventDate "2021.06.05"]
[EventType "swiss (blitz)"]
[EventRounds "13"]
[EventCountry "GER"]
[SourceTitle "EXT 2023"]
[Source "ChessBase"]
[SourceDate "2022.10.05"]
[SourceVersion "1"]
[SourceVersionDate "2022.10.05"]
[SourceQuality "1"]

1. d4 g6 2. c4 Bg7 3. e4 d6 4. Nf3 Nf6 5. Nc3 0-0 6. h3 Nc6 7. Bg5 e5 8. d5 Nb8 9. Be2 a5 10. g4 Na6 11. Nd2 h6 12. Be3 Bd7 13. h4 Qc8 14. f3 h5 15. g5 Ne8 16. Qc2 Nc5 17. Nb3 b6 18. 0-0-0 c6 19. Nxc5 bxc5 20. dxc6 Bxc6 21. Nb5 Qb8 22. Rd2 a4 23. a3 Bxb5 24. cxb5 Nc7 25. Rhd1 Nxb5 26. Bxb5 Qxb5 27. Rxd6 Rfc8 28. R6d5 Bf8 29. Qd3 Qb7 30. Qc4 Rab8 31. R1d2 Qb3 32. Qxb3 Rxb3 33. R2d3 c4 34. Rc3 Bxa3 35. Rxb3 cxb3+ 36. Kb1 Bf8 37. Ra5 Rd8 38. Rxa4 Rd1+ 39. Bc1 Bc5 40. Ra8+ Kg7 41. Rc8 Be3 42. Rc3 Bd2 43. Rc4 Kf8 44. Rc7 Ke8 45. Rc5 Kf8 46. Rc4 Rf1 47. Rc8+ Ke7 48. Rc5 Ke6 49. Rc6+ Kd7 50. Rc5 Kd6 51. Rd5+ Ke6 52. Rxd2 Rxf3 53. Rh2 Rg3 54. Re2 Rh3 55. Re3 Rxh4 56. Rxb3 Rxe4 57. Rf3 Rg4 58. Rf6+ Ke7 59. Be3 Rg3 60. Bd2 h4 61. Rf2 h3 62. Rh2 Rg2 63. Rxg2 hxg2 64. Be3 e4 65. Kc2 Ke6 66. b4 f5 67. gxf6 Kxf6 68. b5 Kf5 69. b6 Kg4 70. b7 Kf3 71. Kd2 g5 72. b8Q Kg4 73. Qh2 Kf3 74. Qg1 g4 75. Qf2# 1-0

[Event "GER-ch Net blitz sf"]
[Site "Playchess.com INT"]
[Date "2021.06.05"]
[Round "5"]
[White "Siedentopf, Daniel"]
[Black "Goldinger, Peter"]
[Result "1/2-1/2"]
[WhiteElo "2152"]
[BlackElo "2123"]
[PlyCount "51"]
[EventDate "2021.06.05"]
[EventType "swiss (blitz)"]
[EventRounds "13"]
[EventCountry "GER"]
[SourceTitle "EXT 2023"]
[Source "ChessBase"]
[SourceDate "2022.10.05"]
[SourceVersion "1"]
[SourceVersionDate "2022.10.05"]
[SourceQuality "1"]

1. d4 d5 2. c4 e5 3. dxe5 d4 4. Nf3 Nc6 5. a3 Nge7 6. e3 Bg4 7. Be2 Bxf3 8. Bxf3 dxe3 9. Qxd8+ Rxd8 10. Bxe3 Nxe5 11. Bxb7 Nxc4 12. Bxa7 g6 13. 0-0 Bg7 14. Nc3 0-0 15. Rac1 Nxb2 16. Rc2 Nd3 17. Rb1 c5 18. Na4 Rd7 19. Bxc5 Nxc5 20. Nxc5 Rc7 21. Be4 Rfc8 22. Rbc1 Bh6 23. Na6 Bxc1 24. Rxc7 Bxa3 25. Rxc8+ Nxc8 26. Nc7 1/2-1/2

[Event "GER-ch Net blitz sf"]
[Site "Playchess.com INT"]
[Date "2021.06.05"]
[Round "11"]
[White "Siedentopf, Daniel"]
[Black "Seul, Georg"]
[Result "0-1"]
[WhiteElo "2152"]
[BlackElo "2121"]
[PlyCount "74"]
[EventDate "2021.06.05"]
[EventType "swiss (blitz)"]
[EventRounds "13"]
[EventCountry "GER"]
[SourceTitle "EXT 2023"]
[Source "ChessBase"]
[SourceDate "2022.10.05"]
[SourceVersion "1"]
[SourceVersionDate "2022.10.05"]
[SourceQuality "1"]

1. e4 e5 2. f4 d5 3. exd5 exf4 4. Nf3 Nf6 5. Bb5+ c6 6. dxc6 Nxc6 7. d4 Bd6 8. 0-0 0-0 9. c3 Ne7 10. Bd3 Nf5 11. Qc2 g6 12. Ne5 Bxe5 13. dxe5 Ng4 14. Rxf4 Nxe5 15. Bxf5 Bxf5 16. Rxf5 gxf5 17. Be3 Qd3 18. Qxd3 Nxd3 19. Nd2 Rfe8 20. Bd4 Re1+ 21. Rxe1 Nxe1 22. Nc4 Nd3 23. b4 b5 24. Nd6 a5 25. bxa5 Rxa5 26. h3 f4 27. Kf1 Kf8 28. a3 Ke7 29. Nf5+ Ke6 30. Ng7+ Kd5 31. Nh5 Rxa3 32. Ke2 Kc4 33. Bf6 Ra2+ 34. Kf3 Rf2+ 35. Ke4 Rxg2 36. Nxf4 Nxf4 37. Kxf4 Rc2 0-1

[Event "GER-ch Net blitz qual1"]
[Site "Playchess.com INT"]
[Date "2021.04.24"]
[Round "7"]
[White "Siedentopf, Daniel"]
[Black "Aden, Dagmar"]
[Result "1-0"]
[WhiteElo "2132"]
[BlackElo "1839"]
[PlyCount "213"]
[EventDate "2021.04.24"]
[EventType "swiss (blitz)"]
[EventRounds "11"]
[EventCountry "GER"]
[SourceTitle "CBM 202 Extra"]
[Source "ChessBase"]
[SourceDate "2021.07.31"]
[SourceVersion "1"]
[SourceVersionDate "2021.07.31"]
[SourceQuality "1"]

1. d4 d5 2. c4 e6 3. Nc3 Nf6 4. cxd5 exd5 5. Bg5 c6 6. e3 Nbd7 7. Bd3 Bb4 8. Nge2 Qa5 9. Qc2 0-0 10. 0-0 h6 11. Bh4 Re8 12. a3 Bxc3 13. Nxc3 Ne4 14. Nxe4 dxe4 15. Bxe4 Qh5 16. Bg3 Nf6 17. Bf3 Bg4 18. Bxg4 Qxg4 19. f3 Qe6 20. Bf2 Nd5 21. Rfe1 Rac8 22. Rac1 Nf6 23. e4 Red8 24. b4 Nd7 25. Qc4 Qxc4 26. Rxc4 Nb6 27. Rc2 Nd7 28. Rec1 Nf8 29. Kf1 Ne6 30. d5 Nf4 31. dxc6 bxc6 32. Bxa7 Nd3 33. Rd1 Nf4 34. Rcd2 Rxd2 35. Rxd2 Ra8 36. Be3 Ne6 37. Rd3 Nc7 38. Ke2 Nb5 39. Bc1 Rc8 40. Bb2 c5 41. Rd5 cxb4 42. Rxb5 Rc2+ 43. Kf1 Rxb2 44. Rxb4 Ra2 45. Ra4 Kf8 46. Ra7 g6 47. h4 Kg7 48. Ra6 h5 49. Kg1 Ra1+ 50. Kh2 Ra2 51. Kh3 Ra1 52. g4 hxg4+ 53. Kxg4 Rg1+ 54. Kf4 Rh1 55. Kg3 Rg1+ 56. Kh3 Rf1 57. Kg2 Ra1 58. Ra4 Ra2+ 59. Kg3 Ra1 60. Ra5 Rg1+ 61. Kh2 Rf1 62. Kg2 Ra1 63. Ra8 Ra2+ 64. Kg3 Ra1 65. a4 Rg1+ 66. Kh2 Rf1 67. Kg2 Ra1 68. Ra7 Ra2+ 69. Kg3 Ra1 70. a5 Rg1+ 71. Kf2 Rh1 72. Rb7 Ra1 73. Rb5 Ra2+ 74. Kg3 Ra1 75. h5 gxh5 76. Rxh5 Rg1+ 77. Kf2 Ra1 78. Ke3 Ra4 79. Rf5 Ra3+ 80. Kf4 Ra4 81. Ke5 Rxa5+ 82. Kf4 Ra1 83. Rb5 Ra4 84. Kf5 Ra6 85. e5 Rc6 86. Rb7 Re6 87. Rd7 Rc6 88. f4 Re6 89. Kg5 Rg6+ 90. Kf5 Re6 91. Ke4 Ra6 92. f5 Ra4+ 93. Kf3 Ra3+ 94. Kf4 Ra4+ 95. Kg5 Ra1 96. e6 Rg1+ 97. Kf4 Rf1+ 98. Ke5 Re1+ 99. Kd6 Rd1+ 100. Kc7 Rc1+ 101. Kd8 Ra1 102. Rxf7+ Kg8 103. Ke7 Ra7+ 104. Kf6 Rxf7+ 105. exf7+ Kf8 106. Ke6 Kg7 107. Ke7 1-0

[Event "GER-ch Net blitz qual1"]
[Site "Playchess.com INT"]
[Date "2021.04.24"]
[Round "10"]
[White "Siedentopf, Daniel"]
[Black "Braun, Christian1111"]
[Result "1/2-1/2"]
[WhiteElo "2132"]
[BlackElo "1823"]
[PlyCount "97"]
[EventDate "2021.04.24"]
[EventType "swiss (blitz)"]
[EventRounds "11"]
[EventCountry "GER"]
[SourceTitle "CBM 202 Extra"]
[Source "ChessBase"]
[SourceDate "2021.07.31"]
[SourceVersion "1"]
[SourceVersionDate "2021.07.31"]
[SourceQuality "1"]

1. d4 d5 2. c4 c6 3. Nf3 Nf6 4. e3 a6 5. Bd3 Bg4 6. Nbd2 e6 7. 0-0 Nbd7 8. b3 Be7 9. Qc2 0-0 10. Ne5 Bh5 11. f4 Bg6 12. Nxg6 hxg6 13. c5 a5 14. Nf3 b6 15. Ne5 Nxe5 16. fxe5 Ne4 17. Bxe4 dxe4 18. cxb6 Qxb6 19. Qxe4 c5 20. Ba3 Ra7 21. Rac1 cxd4 22. Bxe7 Rxe7 23. exd4 Rd7 24. Rc4 Rfd8 25. Rf4 Rc7 26. Qc2 Rxc4 27. Qxc4 Qb7 28. h3 Qd7 29. Kh2 Qb7 30. Qc3 Qb6 31. h4 Qa6 32. Qc5 Qe2 33. Qe7 Rf8 34. Qc5 Qe3 35. Rf3 Qe4 36. Kg3 Qe1+ 37. Kh3 Qh1+ 38. Kg3 Qe1+ 39. Kh3 Qh1+ 40. Kg4 Qxg2+ 41. Rg3 Qe4+ 42. Kh3 Qh1+ 43. Kg4 f5+ 44. exf6 Rxf6 45. Qe5 Qd1+ 46. Kh3 Qh1+ 47. Kg4 Qd1+ 48. Kh3 Qh1+ 49. Kg4 1/2-1/2

[Event "GER-ch Net blitz qual1"]
[Site "Playchess.com INT"]
[Date "2021.04.24"]
[Round "6"]
[White "Sonnenschein, Philipp"]
[Black "Siedentopf, Daniel"]
[Result "1-0"]
[WhiteElo "1620"]
[BlackElo "2132"]
[PlyCount "110"]
[EventDate "2021.04.24"]
[EventType "swiss (blitz)"]
[EventRounds "11"]
[EventCountry "GER"]
[SourceTitle "CBM 202 Extra"]
[Source "ChessBase"]
[SourceDate "2021.07.31"]
[SourceVersion "1"]
[SourceVersionDate "2021.07.31"]
[SourceQuality "1"]

1. e4 e6 2. d4 d5 3. Nc3 Bb4 4. exd5 exd5 5. Bd3 Nf6 6. a3 Be7 7. Nge2 0-0 8. 0-0 b6 9. Ng3 Re8 10. Bf4 c5 11. dxc5 bxc5 12. Re1 c4 13. Bf5 Bb7 14. Nb5 Na6 15. Qd2 g6 16. Bh3 Bf8 17. Nf1 Ne4 18. Qc1 Bc5 19. Ne3 Qf6 20. Bg3 h5 21. Nd1 h4 22. Bf4 Nxf2 23. Rxe8+ Rxe8 24. Nxf2 Re2 25. Kh1 Bxf2 26. Qf1 Rxc2 27. Rc1 Rxc1 28. Qxc1 Bb6 29. Nc3 d4 30. Na4 Qc6 31. Nxb6 axb6 32. Bh6 b5 33. Qe1 Kh7 34. Bg5 Qe4 35. Qxh4+ Qxh4 36. Bxh4 Nc5 37. Bg5 Nd3 38. Kg1 Nxb2 39. Bf6 c3 40. Bxd4 c2 41. Bxb2 f5 42. Bc1 Kg8 43. Kf2 Kf7 44. g4 Ke6 45. Ke3 Be4 46. gxf5+ gxf5 47. Bb2 Kd5 48. Bf1 Kc5 49. Bd3 b4 50. axb4+ Kxb4 51. h4 Kb3 52. Bc1 Ka2 53. Bxe4 fxe4 54. Kxe4 Kb1 55. Bg5 c1Q 1-0

[Event "GER-ch Net blitz qual5"]
[Site "Playchess.com INT"]
[Date "2020.03.28"]
[Round "10"]
[White "Siedentopf, Daniel"]
[Black "Legde, Georg"]
[Result "1-0"]
[WhiteElo "2273"]
[BlackElo "2333"]
[PlyCount "43"]
[EventDate "2020.03.28"]
[EventType "swiss (blitz)"]
[EventRounds "13"]
[EventCountry "GER"]
[SourceTitle "CBM 195 Extra"]
[Source "ChessBase"]
[SourceDate "2020.05.31"]
[SourceVersion "1"]
[SourceVersionDate "2020.05.31"]
[SourceQuality "1"]

1. d4 Nf6 2. c4 e6 3. Nc3 Bb4 4. f3 d5 5. a3 Bxc3+ 6. bxc3 c5 7. cxd5 Nxd5 8. dxc5 f5 9. Nh3 0-0 10. Nf4 Nc6 11. Nxd5 exd5 12. Bf4 Be6 13. Bd6 Rf7 14. e3 Qf6 15. Qd2 b6 16. Bb5 Na5 17. Rb1 Rc8 18. Qd4 Qd8 19. 0-0 Nb7 20. Qe5 bxc5 21. Qxe6 Nxd6 22. Qxd5 1-0

[Event "GER-ch Net blitz qual5"]
[Site "Playchess.com INT"]
[Date "2020.03.28"]
[Round "3"]
[White "Siedentopf, Daniel"]
[Black "Svane, Frederik"]
[Result "0-1"]
[WhiteElo "2273"]
[BlackElo "2423"]
[PlyCount "60"]
[EventDate "2020.03.28"]
[EventType "swiss (blitz)"]
[EventRounds "13"]
[EventCountry "GER"]
[SourceTitle "CBM 195 Extra"]
[Source "ChessBase"]
[SourceDate "2020.05.31"]
[SourceVersion "1"]
[SourceVersionDate "2020.05.31"]
[SourceQuality "1"]

1. d4 Nf6 2. c4 g6 3. Nc3 Bg7 4. e4 d6 5. Nf3 0-0 6. h3 e5 7. d5 Na6 8. Bg5 h6 9. Be3 Nc5 10. Nd2 a5 11. g4 Bd7 12. Be2 c6 13. h4 cxd5 14. cxd5 Ne8 15. h5 g5 16. a3 a4 17. f3 Qa5 18. Kf2 b5 19. Na2 Nc7 20. Rc1 N7a6 21. Kg3 Rfc8 22. Qg1 Bf6 23. Qf2 Bd8 24. Rc3 Nb7 25. Rhc1 Rxc3 26. Rxc3 Rc8 27. Rxc8 Bxc8 28. Qg1 Bd7 29. Qc1 Bb6 30. Qg1 Qxd2 0-1

[Event "GER-ch Net blitz qual5"]
[Site "Playchess.com INT"]
[Date "2020.03.28"]
[Round "4"]
[White "Ziegenfuss, Antonia"]
[Black "Siedentopf, Daniel"]
[Result "0-1"]
[WhiteElo "2101"]
[BlackElo "2273"]
[PlyCount "74"]
[EventDate "2020.03.28"]
[EventType "swiss (blitz)"]
[EventRounds "13"]
[EventCountry "GER"]
[SourceTitle "CBM 195 Extra"]
[Source "ChessBase"]
[SourceDate "2020.05.31"]
[SourceVersion "1"]
[SourceVersionDate "2020.05.31"]
[SourceQuality "1"]

1. d4 Nf6 2. c4 e6 3. Nc3 Bb4 4. f3 Nh5 5. Be3 0-0 6. Bf2 d5 7. a3 Bxc3+ 8. bxc3 b6 9. cxd5 exd5 10. e3 Nf6 11. Bd3 Ba6 12. Bb1 Re8 13. Ne2 c5 14. 0-0 Nc6 15. Re1 Na5 16. Ng3 Bc4 17. Bc2 Qd7 18. e4 cxd4 19. cxd4 dxe4 20. fxe4 Rad8 21. e5 Nd5 22. Qh5 g6 23. Qh6 f6 24. e6 Qg7 25. Qh4 Nc6 26. Re4 f5 27. Ree1 Qf6 28. Qh6 Rd6 29. Rad1 Rdxe6 30. Qd2 Qg7 31. Bxf5 gxf5 32. Nxf5 Qf6 33. Ng3 Kh8 34. Nh5 Qg6 35. Nf4 Nxf4 36. Qxf4 Bd5 37. Rxe6 Qxg2# 0-1

[Event "GER-ch Net blitz qual4"]
[Site "Playchess.com INT"]
[Date "2020.03.23"]
[Round "8"]
[White "Arnold, Max"]
[Black "Siedentopf, Daniel"]
[Result "1-0"]
[WhiteElo "2283"]
[BlackElo "2273"]
[PlyCount "65"]
[EventDate "2020.03.23"]
[EventType "swiss (blitz)"]
[EventRounds "9"]
[EventCountry "GER"]
[SourceTitle "CBM 195 Extra"]
[Source "ChessBase"]
[SourceDate "2020.05.31"]
[SourceVersion "1"]
[SourceVersionDate "2020.05.31"]
[SourceQuality "1"]

1. e4 e6 2. d4 d5 3. e5 c5 4. c3 Qb6 5. Nf3 Nc6 6. a3 Nh6 7. b4 cxd4 8. Bxh6 gxh6 9. cxd4 Bg7 10. Nc3 0-0 11. Bd3 f6 12. exf6 Bxf6 13. Na4 Qc7 14. Rc1 Qg7 15. 0-0 Nxd4 16. Nxd4 Bxd4 17. Bb1 e5 18. Ba2 Be6 19. Nc5 Bxc5 20. Rxc5 Qf7 21. Bxd5 Rad8 22. Bxe6 Qxe6 23. Qh5 Rf5 24. Qh4 Rdf8 25. Rc7 e4 26. Qg4+ Qg6 27. Qxe4 b5 28. Rxa7 h5 29. h3 Kh8 30. Qd4+ Kg8 31. Re1 Rxf2 32. Qd5+ Kh8 33. Ree7 1-0

[Event "GER-ch Net blitz qual4"]
[Site "Playchess.com INT"]
[Date "2020.03.23"]
[Round "1"]
[White "Sieber, Martin"]
[Black "Siedentopf, Daniel"]
[Result "0-1"]
[WhiteElo "2088"]
[BlackElo "2273"]
[PlyCount "106"]
[EventDate "2020.03.23"]
[EventType "swiss (blitz)"]
[EventRounds "9"]
[EventCountry "GER"]
[SourceTitle "CBM 195 Extra"]
[Source "ChessBase"]
[SourceDate "2020.05.31"]
[SourceVersion "1"]
[SourceVersionDate "2020.05.31"]
[SourceQuality "1"]

1. d4 Nf6 2. c4 e6 3. Nf3 c5 4. e3 b6 5. g3 Bb7 6. Bg2 Be7 7. 0-0 0-0 8. Nc3 cxd4 9. exd4 d5 10. Ne5 Nc6 11. cxd5 Nxd5 12. Nxd5 exd5 13. Qg4 Bf6 14. Bf4 Nxd4 15. Rfd1 Ne6 16. Rac1 Nxf4 17. Qxf4 Qd6 18. Nd3 Qxf4 19. Nxf4 Rac8 20. Nxd5 Bxd5 21. Bxd5 Bxb2 22. Rxc8 Rxc8 23. Bb3 Rc1 24. Rxc1 Bxc1 25. Kf1 Kf8 26. Ke2 Ke7 27. Kd3 f6 28. f3 Kd6 29. Ke4 Kc5 30. Kf5 Bb2 31. Ke6 Kb4 32. g4 a5 33. Kf7 g5 34. Kg7 Be5 35. h3 a4 36. Be6 b5 37. Kxh7 Ka3 38. Kg6 b4 39. Kh5 b3 40. axb3 axb3 41. h4 Bf4 42. hxg5 fxg5 43. Bf5 Ka2 44. Kg6 b2 45. Kf6 b1Q 46. Bxb1+ Kxb1 47. Kf5 Kc2 48. Ke4 Kd2 49. Kd4 Ke2 50. Kc3 Kxf3 51. Kc2 Kxg4 52. Kd1 Kg3 53. Ke1 Kg2 0-1

[Event "GER-ch Net blitz qual4"]
[Site "Playchess.com INT"]
[Date "2020.03.23"]
[Round "2"]
[White "Siedentopf, Daniel"]
[Black "Berendsen, Markus"]
[Result "1-0"]
[WhiteElo "2273"]
[BlackElo "1991"]
[PlyCount "75"]
[EventDate "2020.03.23"]
[EventType "swiss (blitz)"]
[EventRounds "9"]
[EventCountry "GER"]
[SourceTitle "CBM 195 Extra"]
[Source "ChessBase"]
[SourceDate "2020.05.31"]
[SourceVersion "1"]
[SourceVersionDate "2020.05.31"]
[SourceQuality "1"]

1. d4 Nf6 2. c4 c5 3. d5 b5 4. cxb5 a6 5. bxa6 Bxa6 6. Nc3 d6 7. Nf3 Nbd7 8. g3 g6 9. Rb1 Bg7 10. Bg2 0-0 11. 0-0 Qa5 12. Bd2 Rfb8 13. Qc2 Ng4 14. b3 Qa3 15. h3 Nge5 16. Ne1 Nb6 17. Qd1 c4 18. Nc2 Qc5 19. b4 Qc7 20. b5 Bb7 21. Nb4 Na4 22. Nxa4 c3 23. Nxc3 Nc4 24. Nc6 Ra3 25. Rb3 Rba8 26. Be1 Bxc3 27. Bxc3 Rxa2 28. Qd4 Ne5 29. Nxe5 dxe5 30. Qxe5 Qxe5 31. Bxe5 Rxe2 32. Bf4 f6 33. d6 Bxg2 34. Kxg2 e5 35. Be3 Kf7 36. d7 Ke7 37. Rd1 Rc2 38. Bb6 1-0

[Event "GER-ch Net blitz qual3"]
[Site "Playchess.com INT"]
[Date "2020.03.21"]
[Round "7"]
[White "Dederichs, Wolfgang"]
[Black "Siedentopf, Daniel"]
[Result "0-1"]
[WhiteElo "1603"]
[BlackElo "2273"]
[PlyCount "112"]
[EventDate "2020.03.21"]
[EventType "swiss (blitz)"]
[EventRounds "9"]
[EventCountry "GER"]
[SourceTitle "CBM 195 Extra"]
[Source "ChessBase"]
[SourceDate "2020.05.31"]
[SourceVersion "1"]
[SourceVersionDate "2020.05.31"]
[SourceQuality "1"]

1. c4 f5 2. Nf3 Nf6 3. d4 g6 4. Nc3 d6 5. g3 Bg7 6. Bg2 0-0 7. 0-0 Qe8 8. d5 a5 9. e3 Na6 10. Nd4 Bd7 11. a3 Nc5 12. b3 Nfe4 13. Nxe4 Nxe4 14. f3 Nc5 15. Rb1 e5 16. dxe6 Nxe6 17. Nxe6 Qxe6 18. f4 Bc6 19. Bd5 Bxd5 20. cxd5 Qe4 21. Bb2 Qxe3+ 22. Kg2 Rfe8 23. Bxg7 Kxg7 24. Rf3 Qe4 25. Rc1 Re7 26. Rc4 Qe2+ 27. Qxe2 Rxe2+ 28. Kh3 Re7 29. Rfc3 Rc8 30. b4 axb4 31. axb4 Kf7 32. b5 b6 33. Rc6 Ra8 34. Rxc7 Ra5 35. Rxe7+ Kxe7 36. Kh4 Rxb5 37. Kg5 Rxd5 38. Rc7+ Ke6 39. Rxh7 Rd3 40. Kxg6 d5 41. Rf7 d4 42. Rxf5 Rb3 43. Re5+ Kd6 44. Re8 Kc5 45. f5 Rf3 46. f6 b5 47. f7 b4 48. f8Q+ Rxf8 49. Rxf8 b3 50. Rb8 Kc4 51. Kf5 d3 52. Ke4 d2 53. Rd8 b2 54. Rd4+ Kc3 55. Rd3+ Kc2 56. Rxd2+ Kxd2 0-1

[Event "GER-ch Net blitz qual3"]
[Site "Playchess.com INT"]
[Date "2020.03.21"]
[Round "3"]
[White "Siedentopf, Daniel"]
[Black "Feuerstack, Aljoscha"]
[Result "0-1"]
[WhiteElo "2273"]
[BlackElo "2463"]
[PlyCount "58"]
[EventDate "2020.03.21"]
[EventType "swiss (blitz)"]
[EventRounds "9"]
[EventCountry "GER"]
[SourceTitle "CBM 195 Extra"]
[Source "ChessBase"]
[SourceDate "2020.05.31"]
[SourceVersion "1"]
[SourceVersionDate "2020.05.31"]
[SourceQuality "1"]

1. d4 Nf6 2. c4 c5 3. d5 b5 4. cxb5 a6 5. bxa6 e6 6. Nc3 exd5 7. Nxd5 Be7 8. Nf3 0-0 9. g3 Bxa6 10. Bg2 Nxd5 11. Qxd5 Nc6 12. 0-0 Bxe2 13. Re1 Ba6 14. Bf4 Nb4 15. Qe4 Bf6 16. Rad1 d5 17. Qf5 Bc8 18. Qb1 Rxa2 19. Be5 g6 20. h4 Bg4 21. Qc1 Bxe5 22. Rxe5 Qf6 23. Re3 d4 24. Rb3 Qe6 25. Nxd4 cxd4 26. Rxb4 Bxd1 27. Qxd1 d3 28. Qxd3 Qe1+ 29. Bf1 Qxb4 0-1

[Event "Oberliga Ost-A 1920"]
[Site "Germany"]
[Date "2019.11.17"]
[Round "3.2"]
[White "Rothe, Guido"]
[Black "Siedentopf, Daniel"]
[Result "1/2-1/2"]
[WhiteElo "2171"]
[BlackElo "2273"]
[PlyCount "54"]
[EventDate "2019.09.29"]
[EventType "team-tourn"]
[EventRounds "11"]
[EventCountry "GER"]
[SourceTitle "EXT 2021"]
[Source "ChessBase"]
[SourceDate "2020.10.23"]
[SourceVersion "1"]
[SourceVersionDate "2020.10.23"]
[SourceQuality "1"]
[WhiteTeam "Magdeburg Aufbau Elbe II"]
[BlackTeam "Dresden Gruen Weiss"]
[WhiteTeamCountry "GER"]
[BlackTeamCountry "GER"]

1. d4 f5 2. c4 Nf6 3. Nc3 d6 4. Bg5 Nbd7 5. Qc2 g6 6. h4 c6 7. 0-0-0 Qa5 8. Bd2 Qc7 9. Nh3 e5 10. Ng5 Nb6 11. c5 Nc4 12. cxd6 Bxd6 13. dxe5 Nxe5 14. e4 h6 15. f4 hxg5 16. fxe5 Bxe5 17. exf5 Bxf5 18. Bd3 0-0-0 19. Bxf5+ gxf5 20. Qxf5+ Kb8 21. Bxg5 Rdf8 22. Rhe1 Bg3 23. Rf1 Nh7 24. Qd3 Nxg5 25. Rxf8+ Rxf8 26. hxg5 Bf4+ 27. Kb1 Bxg5 1/2-1/2